Textbook of electrical technology (Record no. 30106)

000 -LEADER
fixed length control field 00473nam a22001937a 4500
001 - CONTROL NUMBER
control field 30106
003 - CONTROL NUMBER IDENTIFIER
control field BD-DhUET
008 - FIXED-LENGTH DATA ELEMENTS--GENERAL INFORMATION
fixed length control field 150620b xxu||||| |||| 00| 0 eng d
040 ## - CATALOGING SOURCE
Transcribing agency 0
Modifying agency BD-DhUET
082 ## - DEWEY DECIMAL CLASSIFICATION NUMBER
Classification number 623
Item number THE/1972
100 ## - MAIN ENTRY--PERSONAL NAME
Personal name Theraja, B. L.
245 ## - TITLE STATEMENT
Title Textbook of electrical technology
250 ## - EDITION STATEMENT
Edition statement 1st ed.
260 ## - PUBLICATION, DISTRIBUTION, ETC. (IMPRINT)
Place of publication, distribution, etc. New Delhi
Name of publisher, distributor, etc. S. Chand
Date of publication, distribution, etc. 1972
300 ## - PHYSICAL DESCRIPTION
Extent 1830 p.
Other physical details ill.
650 #0 - SUBJECT ADDED ENTRY--TOPICAL TERM
Topical term or geographic name as entry element Electrical engineering
700 ## - ADDED ENTRY--PERSONAL NAME
Personal name Deshpande, D. L.
942 ## - ADDED ENTRY ELEMENTS (KOHA)
Koha item type General Book
Holdings
Koha full call number Lost status Koha normalized classification for sorting Date acquired Withdrawn status Shelving location Damaged status Not for loan Sublocation or collection (holding branch) Price effective from Location (home branch) Source of classification or shelving scheme Koha date last seen Piece designation (barcode) Koha item type Copy number
623/THE/1972 623_000000000000000_THE_19722015-06-20 Reading section  Central Library, BUET2015-06-20Central Library, BUET 2015-06-2025557Reading Item1
623/THE/1972 623_000000000000000_THE_19722015-06-20 Reading section  Central Library, BUET2015-06-20Central Library, BUET 2015-06-2024103Reading Item2
623/THE/1972 623_000000000000000_THE_19722015-06-20 Reading section  Central Library, BUET2015-06-20Central Library, BUET 2015-06-2025558Reading Item3
623/THE/1972 623_000000000000000_THE_19722015-06-20 Reading section  Central Library, BUET2015-06-20Central Library, BUET 2015-06-2024102General Book4
623/THE/1972 623_000000000000000_THE_19722015-06-20 Reading section  Central Library, BUET2015-06-20Central Library, BUET 2015-06-2024101Reading Item5